000 02271nam a22002417a 4500
003 Uzh_bibl
008 260525b |||||||| |||| 00| 0 ukr d
020 _a978-0-00-794401-9
_c250.00
040 _bукр.
041 _2eng
_aeng
080 _a821(410)
090 _a821(410)
_bМ 83
100 _a Morpurgo, Michael
245 _aListen to the Moon
_hТекст
260 _aLondon
_bSquare Fish
_c2014
300 _a440 s.
_fВ опр.
520 _aЕлфі живе біля узбережжя Англії. Меррі живе в Нью-Йорку. Поки Меррі з матір'ю не вирушили на «Лузітанії» до Англії, де батько Меррі одужує після воєнного поранення. Люди казали їм не йти, чуючи чутки, що «Лузітанія» може перевозити боєприпаси. Але вони відчайдушно хочуть возз'єднатися з батьком Меррі. Альфі та його батько знаходять загублену дівчину в покинутому будинку на маленькому острові. Дівчина не говорить, окрім того, що звучить як «Люсі». Мати Альфі доглядає її до здоров'я. Інші в селі підозрюють немислиме: Люсі насправді німкеня — ворог, бо її знаходять із ковдрою з німецьким жетоном. Розказаний з точки зору Елфі та Меррі, цей вишуканий роман розповідає про друзів, ворогів і несподівану доброту. «Listen to the Moon» Майкла Морпурго — це воєнна історія та трагічна історія морського корабля, натхненна затопленням «Лузітанії» під час Першої світової війни.
521 _aДля підлітків
546 _aукр.
650 _aЛітературно-художне видання
655 _aСоціальні та сімейні питання
942 _2udc
_cBK
999 _c17940
_d17940